000 00439nam a2200169Ia 4500
008 230524s9999 xx 000 0 und d
020 _a9789380026459
082 _a4.21
_bREG
100 _aSrinivasa Prakash Regalla
_942950
245 0 _aComputer Aided Analysis and Design
250 _a1
260 _aNew Delhi
_bI.K.International
_c2013
300 _a"IX,270p;"
500 _aQuantity Number: 1
650 _aComp-Sc
942 _cBK
999 _c57910
_d57910